| 000 | 00407nam a2200157Ia 4500 | ||
|---|---|---|---|
| 008 | 131103s9999 xx 000 0 und d | ||
| 040 | _aLoreto College | ||
| 041 | _aEnglish | ||
| 082 |
_a891.443/BAN _bLCLIB/18709 |
||
| 100 | _aBanerjee, Manik | ||
| 245 |
_aChatuskon _cManik Banerjee |
||
| 260 |
_aCalcutta _bBiswas Pub House _c1967 |
||
| 300 |
_a152p _c 22cm |
||
| 650 | _aBengali Fiction | ||
| 942 | _cBK | ||
| 999 |
_c19936 _d70415 |
||